000
00306nam a22001217a 4500
008
180129b xxu||||| |||| 00| 0 eng d
041
_a
eng
080
_a
94
100
_a
16
101
_a
HIS
245
_a
Seacoast fortifications of the united states an introductory history
_c
Lewis,E.R
942
_2
udc
_c
BK
999
_c
41156
_d
41156